<?xml version="1.0" encoding="UTF-8"?>
<record
    xmlns:xsi="http://www.w3.org/2001/XMLSchema-instance"
    xsi:schemaLocation="http://www.loc.gov/MARC21/slim http://www.loc.gov/standards/marcxml/schema/MARC21slim.xsd"
    xmlns="http://www.loc.gov/MARC21/slim">

  <leader>01746nkm a22002657a 4500</leader>
  <controlfield tag="001">85812</controlfield>
  <controlfield tag="005">20260417135419.0</controlfield>
  <controlfield tag="007">kh bo </controlfield>
  <controlfield tag="008">260416s1885    sp ||||| |||| |0| i|spa d</controlfield>
  <datafield tag="040" ind1=" " ind2=" ">
    <subfield code="a">M-RABA</subfield>
    <subfield code="b">spa</subfield>
    <subfield code="c">M-RABA</subfield>
  </datafield>
  <datafield tag="245" ind1="0" ind2="1">
    <subfield code="a">[Monumento a Antonio C&#xE1;novas del Castillo]</subfield>
    <subfield code="h">[Material gr&#xE1;fico]</subfield>
  </datafield>
  <datafield tag="260" ind1=" " ind2=" ">
    <subfield code="c">[ca. 1885]</subfield>
  </datafield>
  <datafield tag="300" ind1=" " ind2=" ">
    <subfield code="a">1 fotograf&#xED;a</subfield>
    <subfield code="b">: alb&#xFA;mina</subfield>
    <subfield code="c">: 21,5 x 17,5 cm </subfield>
  </datafield>
  <datafield tag="500" ind1="0" ind2="0">
    <subfield code="a">Fotograf&#xED;a que representa uno de los monumentos a Antonia C&#xE1;novas del Castillo para la confluencia de las calles Alcal&#xE1; y Vel&#xE1;zquez en Madrid.</subfield>
  </datafield>
  <datafield tag="500" ind1="0" ind2="0">
    <subfield code="a">Grabado dentro del relieve escult&#xF3;rico: "Al Exmo. S. D. Antonio C&#xE1;novas del Castillo, gobernador y artista supremo que termin&#xF3; un absurdo expediente de 14 a&#xF1;os y abri&#xF3; la hermosa confluencia de la Calle Alcal&#xE1; y Vel&#xE1;zquez; en testimonio de admiraci&#xF3;n y gratitud: el Marqu&#xE9;s de Zafra".
En una de las orlas decorativas: "21 agosto 1885". En dos inscripciones al pie del monumento: "Julio de Saracibar, Arquitecto: proyecto" y "J. Morato, cincel&#xF3;"</subfield>
  </datafield>
  <datafield tag="500" ind1="0" ind2="0">
    <subfield code="a">La imagen se encuentra en un estado de conservaci&#xF3;n regular. La alb&#xFA;mina carece de soporte secundario por lo que se encuentra curvada y presenta varios desgarros y dobleces a lo largo de la superficie. </subfield>
  </datafield>
  <datafield tag="500" ind1="0" ind2="0">
    <subfield code="a">Fecha tomada de la inscripci&#xF3;n del propio relieve.</subfield>
  </datafield>
  <datafield tag="600" ind1="1" ind2="7">
    <subfield code="a">Sarac&#xED;bar, S. Julio de</subfield>
    <subfield code="9">8641</subfield>
  </datafield>
  <datafield tag="600" ind1="1" ind2="7">
    <subfield code="a">C&#xE1;novas del Castillo, Antonio (</subfield>
    <subfield code="d">1828-1897)</subfield>
    <subfield code="9">5499</subfield>
  </datafield>
  <datafield tag="651" ind1=" " ind2="7">
    <subfield code="a">Madrid (Comunidad Aut&#xF3;noma)</subfield>
    <subfield code="2">embne</subfield>
    <subfield code="9">75223</subfield>
  </datafield>
  <datafield tag="655" ind1=" " ind2="7">
    <subfield code="a">Fotograf&#xED;as de obras de arte</subfield>
    <subfield code="9">75675</subfield>
  </datafield>
  <datafield tag="852" ind1=" " ind2=" ">
    <subfield code="j">Fot-656</subfield>
  </datafield>
  <datafield tag="856" ind1=" " ind2=" ">
    <subfield code="u">https://archivoybiblioteca.realacademiabellasartessanfernando.com/cgi-bin/koha/opac-retrieve-file.pl?id=38b2c99c3b49e29052ea5a2f6c2b13d8</subfield>
    <subfield code="y">Fot-656</subfield>
  </datafield>
  <datafield tag="942" ind1=" " ind2=" ">
    <subfield code="c">FOTOGRAF&#xCD;A</subfield>
    <subfield code="n">0</subfield>
  </datafield>
  <datafield tag="952" ind1=" " ind2=" ">
    <subfield code="0">0</subfield>
    <subfield code="1">0</subfield>
    <subfield code="2">ddc</subfield>
    <subfield code="4">0</subfield>
    <subfield code="7">0</subfield>
    <subfield code="8">FOTOGRAFIA</subfield>
    <subfield code="a">RABASF</subfield>
    <subfield code="b">RABASF</subfield>
    <subfield code="c">DP2</subfield>
    <subfield code="d">2026-04-16</subfield>
    <subfield code="l">0</subfield>
    <subfield code="o">Fot-656</subfield>
    <subfield code="p">1096927</subfield>
    <subfield code="r">2026-04-16 13:01:38</subfield>
    <subfield code="w">2026-04-16</subfield>
    <subfield code="y">FOTOGRAF&#xCD;A</subfield>
  </datafield>
  <datafield tag="999" ind1=" " ind2=" ">
    <subfield code="c">85812</subfield>
    <subfield code="d">85812</subfield>
  </datafield>
</record>
